000 01766nam a2200241Ia 4500
003 Ost
005 20260507075356.0
008 260507s9999||||xx |||||||||||||| ||und||
020 _a62393399579
040 _cfsecg
041 _aara
082 _a330
100 _aعبد السلام، مصطفى محمود
_eمؤلف
245 0 _aقضايا اقتصادية معاصرة :
_bرؤية من منظور اسلامي /
_c مصطفى محمود عبد السلام
260 _aعمان:
_bالوراق للنشر والتوزيع,
_c2011
300 _a447 صفحة؛
_bإيضاحات ؛
_c25 سم
520 _aتضييق الفجوة الغذائية في العالم الإسلامي- تفعيل دور الإستصناع لدى البنوك الإسلامية- منظمات العمل الأهلي ودورها في تخفيف من حدة الفقر - الإنعكاسات السلبية للعولمة الإقتصادية على الفقر في العالم الإسلامي وسبل المواجهة- أثر الوقف على الإستقرار الإقتصادي- دور الجمعيات الخيرية في تأهيل المعاقين لإدماجهم في المجتمع- تقويم مسيرة البحث العلمي في مجال التنمية الإسلامية- الإنحرافات الشرعية في بعض البنوك الاسلامية- دور تقنيات الإتصالات في دعم التنمية الإجتماعية والإقتصادية في الوطن العربي- التكافل الإجتماعي في الإسلام
653 _aالإقتصاد
653 _aالإقتصاد الإسلامي
653 _aالسياسة الإقتصادية
653 _aبنوك- الفقه الإسلامي
942 _cكتاب
999 _c44215
_d44215